Statistics for Countries by First and Penultimate Letter #2

Click here to take the quiz!

General Stats

  • This quiz has been taken 282 times
  • The average score is 15 of 24

Answer Stats

First Letter Penultimate Letter Country % Correct
UD__Uganda
95%
HT__Haiti
94%
FN__Finland
86%
LY__Libya
84%
RD__Rwanda
84%
DR__Denmark
82%
DT__Djibouti
75%
GD__Grenada
75%
PR__Peru
74%
EP__Egypt
72%
ND__Netherlands
69%
GO__Gabon
66%
BD__Burundi
59%
KI__Kuwait
59%
TN__Thailand
55%
MT__Malta
53%
SK__Sri Lanka
52%
AR__Andorra
50%
NU__Nicaragua
48%
CA__Chad
45%
BE__Brunei
43%
ME__Maldives
43%
CC__Costa Rica
35%
SR__Singapore
24%

Score Distribution

Percentile by Number Answered

Percent of People with Each Score

Your Score History

You have not taken this quiz